000 00516nam a22001817a 4500
003 BD-ChCU
005 20251116122211.0
008 251116b bg ||||| |||| 00| 0 ben d
040 _cBD-ChCU
082 _a327.73 SPA (8)
100 _aSpanier , John.
_916207
245 _aAmerican foreign policy Since world war 11 ,/
_cJohn , Spanier
250 _a8th ed.
260 _aNew York :
_bHolt, Rinehart ,
_cC 1980
300 _axi , 273p
650 0 _aU.S. - Foreign relations -1945.
_916208
942 _2ddc
_cBK
_n0
999 _c109473
_d109473